Introcuction to nanotechnolgy
This self-confessed introduction provides technical administrators and managers with a broad, practical overview of the subject and gives researchers working in different areas an appreciation of developments in nanotechnology outside their own fields of expertise.
Saved in:
| Main Author: | |
|---|---|
| Format: | Book |
| Language: | Undetermined |
| Published: |
Hoboken, NJ.
J. Wiley
2003
|
| Subjects: | |
| Tags: |
Add Tag
No Tags, Be the first to tag this record!
|
| Institutions: | Trung tâm Học liệu Trường Đại học Cần Thơ |
|---|
| LEADER | 00817nam a2200205Ia 4500 | ||
|---|---|---|---|
| 001 | CTU_172290 | ||
| 008 | 210402s9999 xx 000 0 und d | ||
| 020 | |c 3054260 | ||
| 082 | |a 620.5 | ||
| 082 | |b P822 | ||
| 100 | |a Poole, Charles P. | ||
| 245 | 0 | |a Introcuction to nanotechnolgy | |
| 245 | 0 | |c Charles P. Poole, Jr., Frank J. Owens | |
| 260 | |a Hoboken, NJ. | ||
| 260 | |b J. Wiley | ||
| 260 | |c 2003 | ||
| 520 | |a This self-confessed introduction provides technical administrators and managers with a broad, practical overview of the subject and gives researchers working in different areas an appreciation of developments in nanotechnology outside their own fields of expertise. | ||
| 650 | |a Công nghệ nano,Nanotechnology | ||
| 904 | |i Hải | ||
| 980 | |a Trung tâm Học liệu Trường Đại học Cần Thơ | ||